[Event "Bogota McGregor op 2nd"]
[Site "Bogota"]
[Date "2011.12.11"]
[Round "9"]
[White "Barrientos Chavarriaga, Sergio E"]
[Black "Urbina, Jaime"]
[Result "1-0"]
[WhiteElo "2517"]
[BlackElo "2196"]
[PlyCount "83"]
[EventDate "2011.12.06"]
[EventType "swiss"]
[EventRounds "10"]
[EventCountry "COL"]
[SourceTitle "CBM 145 Extra"]
[Source "ChessBase"]
[SourceDate "2012.01.03"]
[SourceVersion "1"]
[SourceVersionDate "2012.01.03"]
[SourceQuality "1"]

1. e4 g6 2. d4 Bg7 3. Nc3 c6 4. g3 d5 5. exd5 cxd5 6. Bg2 e6 7. Nf3 Nc6 8. 0-0 Nge7 9. Re1 Nf5 10. Ne2 h5 11. h3 Kf8 12. c3 a5 13. a4 b6 14. Nf4 Kg8 15. h4 Bf6 16. Nd3 Bd7 17. Bg5 Rc8 18. Qd2 Bxg5 19. Nxg5 Qf6 20. Ne5 Nxe5 21. Rxe5 Kg7 22. b3 Rc7 23. Bh3 Nd6 24. Rae1 Re8 25. R5e3 b5 26. axb5 Rb7 27. Rf3 Qe7 28. Qf4 Rxb5 29. c4 dxc4 30. bxc4 Rb4 31. Qe5+ Kg8 32. c5 Nc4 33. Qc7 f5 34. d5 Rc8 35. Qa7 Qg7 36. dxe6 Bc6 37. e7 Rbb8 38. Rd3 Ne5 39. Rd8+ Be8 40. Qxb8 Rxb8 41. Rxb8 Qxe7 42. c6 1-0

[Event "Bogota McGregor op 2nd"]
[Site "Bogota"]
[Date "2011.12.08"]
[Round "6"]
[White "Mosquera Klinger, Miguel Alonso"]
[Black "Urbina, Jaime"]
[Result "1-0"]
[WhiteElo "2396"]
[BlackElo "2196"]
[PlyCount "53"]
[EventDate "2011.12.06"]
[EventType "swiss"]
[EventRounds "10"]
[EventCountry "COL"]
[SourceTitle "CBM 145 Extra"]
[Source "ChessBase"]
[SourceDate "2012.01.03"]
[SourceVersion "1"]
[SourceVersionDate "2012.01.03"]
[SourceQuality "1"]

1. e4 g6 2. d4 Bg7 3. Nc3 c6 4. Nf3 d6 5. Bc4 Nf6 6. e5 dxe5 7. Nxe5 0-0 8. 0-0 Nbd7 9. Bg5 Nb6 10. Bb3 Nfd5 11. Bh4 Nxc3 12. bxc3 Bxe5 13. dxe5 Qxd1 14. Rfxd1 Re8 15. a4 Kg7 16. f3 Nd7 17. e6 fxe6 18. Bxe6 Nf6 19. Bb3 h6 20. a5 g5 21. Bf2 Bf5 22. Ra4 e5 23. Rb4 Bc8 24. Rd6 a6 25. h4 e4 26. hxg5 hxg5 27. Be3 1-0

[Event "Bogota McGregor op 2nd"]
[Site "Bogota"]
[Date "2011.12.08"]
[Round "5"]
[White "Zabala, Fidel"]
[Black "Urbina, Jaime"]
[Result "0-1"]
[WhiteElo "2005"]
[BlackElo "2196"]
[PlyCount "116"]
[EventDate "2011.12.06"]
[EventType "swiss"]
[EventRounds "10"]
[EventCountry "COL"]
[SourceTitle "CBM 145 Extra"]
[Source "ChessBase"]
[SourceDate "2012.01.03"]
[SourceVersion "1"]
[SourceVersionDate "2012.01.03"]
[SourceQuality "1"]

1. e4 g6 2. d4 Bg7 3. f4 c5 4. c3 cxd4 5. cxd4 Qb6 6. Nf3 d6 7. Nc3 e6 8. Be3 Ne7 9. Qd2 d5 10. Bd3 0-0 11. 0-0 dxe4 12. Bxe4 Qd8 13. Rad1 Nd5 14. Nxd5 exd5 15. Bb1 Nc6 16. f5 Re8 17. Bg5 Qd6 18. Kh1 Bd7 19. f6 Bf8 20. Nh4 Nd8 21. a3 Rc8 22. Nf3 Bb5 23. Rf2 Nc6 24. h4 Qg3 25. h5 Bd6 26. hxg6 hxg6 27. Bh4 Qg4 28. Qh6 Bf8 29. Qg5 Qxg5 30. Nxg5 Re2 31. Rxe2 Bxe2 32. Rd2 Bg4 33. Ba2 Be6 34. Nxe6 fxe6 35. g4 Kf7 36. g5 Bd6 37. Kg2 Bf4 38. Rc2 Rh8 39. Bg3 Bxg5 40. Be5 Be3 41. b4 a6 42. Rc3 Bxd4 43. Bxd4 Nxd4 44. Rc7+ Kxf6 45. Rxb7 Ra8 46. Rb6 Ke5 47. a4 Ne2 48. Bb1 Nc3 49. Bc2 g5 50. Kf3 d4 51. a5 Nd5 52. Rb7 Rc8 53. Ba4 Rc4 54. Bd7 Rxb4 55. Ra7 Rb3+ 56. Kg4 Nf6+ 57. Kxg5 Nxd7 58. Rxd7 Rb5 0-1

[Event "Murcia op"]
[Site "Murcia"]
[Date "1997.??.??"]
[Round "2"]
[White "Rodriguez Boado, Martin"]
[Black "Urbina, Jaime"]
[Result "1-0"]
[WhiteElo "2225"]
[BlackElo "2205"]
[PlyCount "48"]
[EventDate "1997.??.??"]
[EventType "swiss"]
[EventRounds "9"]
[EventCountry "ESP"]
[SourceTitle "EXT 2000"]
[Source "ChessBase"]
[SourceDate "1999.11.16"]
[SourceVersion "1"]
[SourceVersionDate "1999.11.16"]
[SourceQuality "1"]

1. e4 c5 2. Nf3 d6 3. c3 Nf6 4. d3 e6 5. g3 Be7 6. Bg2 Nc6 7. 0-0 d5 8. Qe2 0-0 9. Bf4 b6 10. e5 Nd7 11. d4 a5 12. Qd2 Ba6 13. Re1 b5 14. dxc5 Bxc5 15. Nd4 Rc8 16. Bf1 Nxd4 17. cxd4 Bb4 18. Nc3 Bxc3 19. bxc3 Nb6 20. Bd3 Na4 21. Rac1 Rc6 22. Bb1 Qc7 23. Qc2 g6 24. Qd2 Rc8 1-0